ბათუმის შოთა რუსთაველის სახელმწიფო უნივერსიტეტის ბიბლიოთეკა

Самадло : (ბიბ.ჩანაწერი № 60866)

000 -LEADER
fixed length control field 00933nam a22001937a 4500
005 - DATE AND TIME OF LATEST TRANSACTION
control field 20231113114511.0
008 - FIXED-LENGTH DATA ELEMENTS--GENERAL INFORMATION
fixed length control field 231113s1981 ru ||||| |||| 00| 0 rus d
041 ## - LANGUAGE CODE
Language code of text/sound track or separate title rus
080 ## - UNIVERSAL DECIMAL CLASSIFICATION NUMBER
Universal Decimal Classification number 902(479.22)(084.3) Г-12
100 ## - MAIN ENTRY--PERSONAL NAME
Personal name Гагошидзе, Ю.М.
9 (RLIN) 20345
245 ## - TITLE STATEMENT
Title Самадло :
Remainder of title Каталог археологического материала /
Statement of responsibility, etc. Ю.М. Гагошидзе; АН ГССР, Гос. музей Грузии им. С.Н. Джанашиа.
264 ## - PRODUCTION, PUBLICATION, DISTRIBUTION, MANUFACTURE, AND COPYRIGHT NOTICE
Place of production, publication, distribution, manufacture Тбилиси :
Name of producer, publisher, distributor, manufacturer Мецниереба,
Date of production, publication, distribution, manufacture, or copyright notice 1981.
300 ## - PHYSICAL DESCRIPTION
Extent 55 стр.:
Other physical details ил. ;
Dimensions 26 см.
521 ## - TARGET AUDIENCE NOTE
Target audience note პარალ. სათ. ქართ. ენაზე
653 ## - INDEX TERM--UNCONTROLLED
keyword არქეოლოგიური გათხრები საქართველოში
653 ## - INDEX TERM--UNCONTROLLED
keyword არქეოლოგია
710 ## - ADDED ENTRY--CORPORATE NAME
Corporate name or jurisdiction name as entry element АН ГССР
Date of meeting or treaty signing Гос. музей Грузии им. С.Н. Джанашиа.
9 (RLIN) 20346
942 ## - ADDED ENTRY ELEMENTS (KOHA)
Source of classification or shelving scheme
Koha item type წიგნი
ეგზემპლარები
Withdrawn status Lost status Source of classification or shelving scheme Damaged status Not for loan Permanent Location Current Location Shelving location Date acquired Cost, normal purchase price Full call number Barcode Date last seen Copy number Uniform Resource Identifier Price effective from Koha item type Public note
          ბათუმის შოთა რუსთაველის სახელმწიფო უნივერსიტეტის მთავარი ბიბლიოთეკა ბათუმის შოთა რუსთაველის სახელმწიფო უნივერსიტეტის მთავარი ბიბლიოთეკა წიგნსაცავი 2023-11-13 6.00 902(479.22)(084.3) Г-12 65418 2023-11-13 65418 ბსუ-ს საპატიო დოქტორის გურამ ლორთქიფანიძის საჩუქარი 2023-11-13 წიგნი 6 ლ.